| 000 | 00720cam a22002533a 4500 | ||
|---|---|---|---|
| 001 | 10278 | ||
| 003 | PGUSA | ||
| 005 | 20140828083222.0 | ||
| 008 | 031101s2003||||xxu|||||s|||||000 | eng d | ||
| 040 |
_aPGUSA _beng |
||
| 042 | _adc | ||
| 050 | 4 | _aM | |
| 245 | 1 | 0 |
_aSei Forse L'Angelo Fedele : _bFrom Eugene Onegin _h[electronic resource] |
| 260 |
_bProject Gutenberg, _c2003 |
||
| 500 | _aRecorded c. 1920. | ||
| 506 | _aPublic domain in the USA. | ||
| 516 | _aElectronic text | ||
| 653 | _aOperas -- Excerpts | ||
| 700 | 1 |
_aMuzio, Claudia, _d1889-1936 |
|
| 700 | 1 |
_aTchaikovsky, Peter Ilich, _d1840-1893 |
|
| 830 | 0 |
_aProject Gutenberg _v10278 |
|
| 856 | 4 | 0 | _uhttp://www.gutenberg.org/ebooks/10278 |
| 942 | _cEB | ||
| 999 |
_c239533 _d239533 |
||